• AIU
  • Tony Wilmot Memorial Library

A comparative-historical phonology of the Chari languages : (Record no. 64162)

MARC details
000 -LEADER
fixed length control field 00993cam a2200277 i 4500
001 - CONTROL NUMBER
control field 2760570
003 - CONTROL NUMBER IDENTIFIER
control field OSt
005 - DATE AND TIME OF LATEST TRANSACTION
control field 20180621151717.0
008 - FIXED-LENGTH DATA ELEMENTS--GENERAL INFORMATION
fixed length control field 790709s1976 it af b 000 0 eng
010 ## - LIBRARY OF CONGRESS CONTROL NUMBER
LC control number 79307987
015 ## - NATIONAL BIBLIOGRAPHY NUMBER
National bibliography number It***
040 ## - CATALOGING SOURCE
Original cataloging agency DLC
Transcribing agency DLC
Modifying agency DLC
050 00 - LIBRARY OF CONGRESS CALL NUMBER
Classification number PL8086.B12
Item number T5 1976
082 00 - DEWEY DECIMAL CLASSIFICATION NUMBER
Classification number 496/.5
100 1# - MAIN ENTRY--PERSONAL NAME
Personal name Thayer, Linda J.
9 (RLIN) 45883
245 12 - TITLE STATEMENT
Title A comparative-historical phonology of the Chari languages :
Remainder of title Nilo-Saharan languges of Central Africa/
Statement of responsibility, etc Linda J. Thayer.
260 ## - PUBLICATION, DISTRIBUTION, ETC. (IMPRINT)
Place of publication, distribution, etc Napoli :
Name of publisher, distributor, etc Istituto orientale di Napoli,
Date of publication, distribution, etc 1976.
300 ## - PHYSICAL DESCRIPTION
Extent 151 p., [1] leaf of plates ;
Dimensions ill. ;
-- 24 cm.
490 1# - SERIES STATEMENT
Series statement Supplemento agli Annali - Istituto orientale di Napol ; n. 9
504 ## - BIBLIOGRAPHY, ETC. NOTE
Bibliography, etc Bibliography: p. [146]-148.
650 #0 - SUBJECT ADDED ENTRY--TOPICAL TERM
Topical term or geographic name as entry element Bongo-Bagirmi languages
General subdivision Phonology.
9 (RLIN) 45884
650 #0 - SUBJECT ADDED ENTRY--TOPICAL TERM
Topical term or geographic name as entry element Bongo-Bagirmi languages
General subdivision Classification.
9 (RLIN) 45885
830 #0 - SERIES ADDED ENTRY--UNIFORM TITLE
Uniform title Supplemento ... agli Annali ;
Volume number/sequential designation n. 9.
9 (RLIN) 45886
906 ## - LOCAL DATA ELEMENT F, LDF (RLIN)
a 7
b cbc
c orignew
d 3
e ncip
f 19
g y-gencatlg
942 ## - ADDED ENTRY ELEMENTS (KOHA)
Koha item type Special Collection
Holdings
Withdrawn status Lost status Source of classification or shelving scheme Damaged status Not for loan Collection code Home library Current library Shelving location Date acquired Source of acquisition Cost, normal purchase price Total Checkouts Full call number Barcode Date last seen Price effective from Koha item type
    Library of Congress Classification     Special Collection AIU/NEGST - Tony Wilmot Memorial Library AIU/NEGST - Tony Wilmot Memorial Library Special Collection 06/21/2016 Donation- SIL 10.00   S PL 8086.B12T5 1976 R39198X3232 09/26/2019 06/21/2018 Special Collection